U.S. Cities with a Cardinal Direction in Their Name - Statistics

General Stats
  • This quiz has been taken 107 times
  • The average score is 6 of 28
Answer Stats
State Population City % Correct
North Nevada 242,975 North Las Vegas
82%
South Indiana 102,245 South Bend
63%
North South Carolina 110,861 North Charleston
47%
West Florida 110,222 West Palm Beach
40%
North Arkansas 65,911 North Little Rock
35%
West Utah 136,170 West Valley City
35%
West Utah 113,905 West Jordan
34%
West Wisconsin 59,934 West Allis
31%
West California 107,598 West Covina
28%
North Florida 62,225 North Miami
27%
West Iowa 65,608 West Des Moines
22%
West Connecticut 54,843 West Haven
22%
East New Jersey 65,378 East Orange
20%
West Colorado 112,812 Westminster
17%
West California 91,564 Westminster
17%
South Utah 70,954 South Jordan
15%
West Florida 70,944 Weston
15%
South Michigan 73,208 Southfield
13%
North Florida 66,300 North Port
12%
South Mississippi 54,031 Southaven
11%
South California 67,429 South San Francisco
10%
West Michigan 81,747 Westland
10%
West New Jersey 54,227 West New York
9%
West California 53,512 West Sacramento
8%
North Texas 70,441 North Richland Hills
6%
South California 95,430 South Gate
6%
East California 63,211 Eastvale
4%
West Oklahoma 57,308 Midwest City
1%
No matching quizzes found
Score Distribution
Percent of People with Each Score
Percentile by Number Answered
Your Score History
You have not taken this quiz